[Event "Las Palmas Insular-chT Pref-B"]
[Site "Las Palmas"]
[Date "2016.01.23"]
[Round "10.2"]
[White "Roca Marrero, Fernando"]
[Black "Garcia Rodriguez, Sara"]
[Result "0-1"]
[WhiteElo "1435"]
[BlackElo "1953"]
[PlyCount "104"]
[EventDate "2015.10.17"]
[EventType "team-tourn"]
[EventRounds "14"]
[EventCountry "ESP"]
[SourceTitle "CBM 170 Extra"]
[Source "ChessBase"]
[SourceDate "2016.02.25"]
[SourceVersion "1"]
[SourceVersionDate "2016.02.25"]
[SourceQuality "1"]
[WhiteTeam "Panaderia Pulido San Mateo"]
[BlackTeam "La Caja de Canarias II"]
[WhiteTeamCountry "ESP"]
[BlackTeamCountry "ESP"]

1. d4 Nf6 2. Bf4 g6 3. e3 Bg7 4. Be2 0-0 5. Nc3 d6 6. Nf3 c6 7. h4 Bg4 8. Nd2 Bxe2 9. Qxe2 Nh5 10. Bh2 f5 11. 0-0-0 b5 12. g4 fxg4 13. Qxg4 Rxf2 14. Nce4 Rf5 15. Rdf1 Qd7 16. Qg2 Na6 17. Rxf5 Qxf5 18. Rf1 Qd5 19. Kb1 Nc7 20. Qg4 Rd8 21. a3 Qe6 22. Qe2 Nd5 23. Rf3 Ndf6 24. Qd3 d5 25. Nc5 Qg4 26. Be5 Bh6 27. e4 Bxd2 28. Bxf6 exf6 29. exd5 Rxd5 30. Qe2 Kf7 31. Ne4 Nf4 32. Qf2 Be1 33. Qf1 Rxd4 34. Rxf4 Qd1+ 35. Ka2 Rxe4 36. Rxf6+ Ke7 37. Rf7+ Kd6 38. Qf6+ Kc5 39. b4+ Kb6 40. Rb7+ Kxb7 41. Qf7+ Kb6 42. Qb3 Qd5 43. a4 Qxb3+ 44. cxb3 bxa4 45. Ka3 Rxb4 46. bxa4 c5 47. h5 c4 48. a5+ Kxa5 49. h6 c3 50. Ka2 c2 51. Ka3 c1Q+ 52. Ka2 Qb2# 0-1

[Event "Las Palmas Montalvo Memorial 5th"]
[Site "Las Palmas"]
[Date "2012.04.07"]
[Round "8"]
[White "Garcia Rodriguez, Sara"]
[Black "Robin, Samy"]
[Result "1/2-1/2"]
[WhiteElo "2011"]
[BlackElo "2298"]
[PlyCount "68"]
[EventDate "2012.04.02"]
[EventType "swiss"]
[EventRounds "9"]
[EventCountry "ESP"]
[SourceTitle "CBM 147 Extra"]
[Source "ChessBase"]
[SourceDate "2012.04.24"]
[SourceVersion "1"]
[SourceVersionDate "2012.04.24"]
[SourceQuality "1"]

1. e4 Nf6 2. e5 Nd5 3. d4 d6 4. c4 Nb6 5. exd6 cxd6 6. Nc3 g6 7. h3 Bg7 8. Nf3 0-0 9. Be2 Nc6 10. 0-0 Bf5 11. Be3 d5 12. c5 Nc4 13. Nh4 Nxe3 14. fxe3 Be6 15. Qe1 f6 16. Qg3 Bf7 17. Rad1 b6 18. Bb5 Rc8 19. Ba6 Rb8 20. Bb5 Rc8 21. Ba6 Rc7 22. cxb6 axb6 23. a3 Na5 24. Bd3 e5 25. Nb5 Rc8 26. dxe5 fxe5 27. Nf3 Qe7 28. Ng5 Be8 29. h4 Rxf1+ 30. Bxf1 Bc6 31. b4 Nc4 32. Nc3 h6 33. Nxd5 Bxd5 34. Rxd5 Nxe3 1/2-1/2

[Event "Las Palmas Montalvo Memorial 5th"]
[Site "Las Palmas"]
[Date "2012.04.05"]
[Round "5"]
[White "Garcia Rodriguez, Sara"]
[Black "Schlittermann, Wolfgang"]
[Result "1-0"]
[WhiteElo "2011"]
[BlackElo "1751"]
[PlyCount "93"]
[EventDate "2012.04.02"]
[EventType "swiss"]
[EventRounds "9"]
[EventCountry "ESP"]
[SourceTitle "CBM 147 Extra"]
[Source "ChessBase"]
[SourceDate "2012.04.24"]
[SourceVersion "1"]
[SourceVersionDate "2012.04.24"]
[SourceQuality "1"]

1. e4 c5 2. Nf3 e6 3. d4 cxd4 4. Nxd4 a6 5. Nc3 Bb4 6. Bd2 Qb6 7. Nb3 Ne7 8. Bd3 d5 9. 0-0 dxe4 10. Bxe4 Qc7 11. a3 Bd6 12. h3 0-0 13. Bd3 Nbc6 14. Ne4 Bf4 15. Bc3 Be5 16. Re1 Bxc3 17. Nxc3 b5 18. Qh5 f5 19. Rad1 Bd7 20. Nc5 Be8 21. Qg5 Bf7 22. Nxe6 Bxe6 23. Rxe6 Rad8 24. Rde1 Rf7 25. a4 b4 26. Nd1 Kf8 27. Ne3 Nd4 28. Rxa6 f4 29. Nc4 f3 30. Qe5 Qxe5 31. Nxe5 fxg2 32. Kxg2 Rf6 33. Rxf6+ gxf6 34. Nf3 b3 35. Nxd4 Rxd4 36. Re4 bxc2 37. Bxc2 Rd2 38. Rc4 Nd5 39. Kf3 Nb6 40. Rc7 Nd7 41. a5 Ne5+ 42. Ke3 Rd6 43. Bxh7 Ra6 44. b4 Ke8 45. Bd3 Ra8 46. f4 Nd7 47. Bb5 1-0

[Event "Las Palmas op 32nd"]
[Site "Las Palmas"]
[Date "2011.12.08"]
[Round "9"]
[White "Garcia Rodriguez, Sara"]
[Black "Garcia Vicente, Nieves"]
[Result "0-1"]
[WhiteElo "1974"]
[BlackElo "2214"]
[PlyCount "40"]
[EventDate "2011.12.02"]
[EventType "swiss"]
[EventRounds "9"]
[EventCountry "ESP"]
[SourceTitle "CBM 145 Extra"]
[Source "ChessBase"]
[SourceDate "2012.01.03"]
[SourceVersion "1"]
[SourceVersionDate "2012.01.03"]
[SourceQuality "1"]

1. e4 e5 2. Nf3 Nc6 3. Bc4 Nf6 4. d4 exd4 5. e5 d5 6. Bb5 Ne4 7. Nxd4 Bc5 8. Be3 Bd7 9. Bxc6 bxc6 10. c3 Qe7 11. Qe2 0-0 12. 0-0 f6 13. f3 fxe5 14. fxe4 Rxf1+ 15. Kxf1 exd4 16. cxd4 Bb6 17. exd5 Re8 18. dxc6 Bxc6 19. Qc4+ Kh8 20. Bf2 Qe4 0-1

[Event "ESP-ch (Women)"]
[Site "Padron"]
[Date "2011.08.02"]
[Round "2"]
[White "Garcia Rodriguez, Sara"]
[Black "Juanes Garcia, Olaya"]
[Result "1-0"]
[WhiteElo "1926"]
[BlackElo "1735"]
[PlyCount "91"]
[EventDate "2011.08.01"]
[EventType "swiss"]
[EventRounds "7"]
[EventCountry "ESP"]
[SourceTitle "CBM 143 Extra"]
[Source "ChessBase"]
[SourceDate "2011.08.29"]
[SourceVersion "1"]
[SourceVersionDate "2011.08.29"]
[SourceQuality "1"]

1. e4 e6 2. d4 d5 3. Nd2 dxe4 4. Nxe4 Qd5 5. Ng3 Nc6 6. Nf3 Nf6 7. Bd3 b6 8. c3 Bb7 9. Qe2 Ne7 10. Bf4 Rc8 11. Be5 Qd8 12. 0-0 Ng6 13. Ba6 Bxa6 14. Qxa6 Ra8 15. Qb7 Bd6 16. Bxf6 gxf6 17. Qc6+ Kf8 18. Nh5 Rb8 19. Qe4 Rc8 20. Qb7 Ra8 21. Nxf6 h5 22. Ne4 Be7 23. Ne5 Nxe5 24. dxe5 Qd5 25. Qxd5 exd5 26. Ng3 a5 27. Rad1 Rd8 28. Rd4 Kg8 29. Rfd1 c6 30. c4 Bc5 31. Rh4 d4 32. Rxh5 Rxh5 33. Nxh5 d3 34. Kf1 Rd4 35. b3 Kh8 36. f3 a4 37. Ng3 b5 38. cxb5 cxb5 39. Ne4 Bb4 40. Nf2 d2 41. Ke2 axb3 42. axb3 Rd5 43. f4 Rd4 44. Ke3 Bc5 45. Nd3 Bb6 46. Kxd2 1-0

[Event "Canarias-ch (Women)"]
[Site "Tenerife"]
[Date "2011.06.10"]
[Round "3"]
[White "Garcia Rodriguez, Sara"]
[Black "Perez Castellano, Susana"]
[Result "1-0"]
[WhiteElo "1975"]
[BlackElo "1807"]
[PlyCount "105"]
[EventDate "2011.06.08"]
[EventType "tourn"]
[EventRounds "7"]
[EventCountry "ESP"]
[SourceTitle "EXT 2013"]
[Source "ChessBase"]
[SourceDate "2012.11.22"]
[SourceVersion "1"]
[SourceVersionDate "2012.11.22"]
[SourceQuality "1"]

1. e4 e5 2. Nf3 Nc6 3. Bc4 Bc5 4. d3 Nf6 5. c3 Bb6 6. Nbd2 d6 7. Nf1 Ne7 8. Ng3 Ng6 9. Bg5 h6 10. Bxf6 gxf6 11. Nd2 Nf4 12. Qf3 Rg8 13. h3 h5 14. Nxh5 Nxg2+ 15. Kf1 Rg6 16. Rg1 Nf4 17. Nxf4 exf4 18. Ke2 Qe7 19. Qxf4 Bxh3 20. Rxg6 fxg6 21. Qh4 Bd7 22. Rh1 0-0-0 23. Qh7 Qe5 24. Qxg6 Qf4 25. Qg3 Bg4+ 26. Ke1 Qg5 27. Rg1 Bd7 28. Qxg5 fxg5 29. Rxg5 Rf8 30. d4 c5 31. d5 Bd8 32. Rg2 Bh4 33. Ke2 Be8 34. Ke3 b5 35. Be2 a5 36. f4 Bd8 37. e5 Bc7 38. Ke4 dxe5 39. fxe5 c4 40. Nf3 Kb8 41. Nd4 Bb6 42. Rg7 Kc8 43. Bg4+ Kb8 44. d6 Bxd4 45. cxd4 b4 46. d7 Bxd7 47. Bxd7 Rf2 48. e6 c3 49. bxc3 bxc3 50. e7 Re2+ 51. Kd3 c2 52. Kxe2 c1Q 53. e8Q+ 1-0

[Event "Canarias-ch 29th"]
[Site "Amurga de San Fdo Maspal"]
[Date "2011.05.29"]
[Round "7"]
[White "Garcia Rodriguez, Sara"]
[Black "Gonzalez Garcia, Zoilo"]
[Result "1-0"]
[WhiteElo "1975"]
[BlackElo "1659"]
[PlyCount "43"]
[EventDate "2011.05.27"]
[EventType "swiss"]
[EventRounds "7"]
[EventCountry "ESP"]
[SourceTitle "EXT 2013"]
[Source "ChessBase"]
[SourceDate "2012.11.22"]
[SourceVersion "1"]
[SourceVersionDate "2012.11.22"]
[SourceQuality "1"]

1. e4 c6 2. d4 d5 3. Nc3 dxe4 4. Nxe4 Nd7 5. Ng5 Ngf6 6. Bd3 e6 7. N1f3 Bd6 8. Qe2 0-0 9. Nxe6 Bb4+ 10. c3 Bxc3+ 11. bxc3 fxe6 12. Qxe6+ Kh8 13. 0-0 Nc5 14. Qe2 Nxd3 15. Qxd3 Nd5 16. Ba3 Bf5 17. Qd2 Rf6 18. Rfe1 Qd7 19. c4 Bh3 20. Ne5 Qf5 21. cxd5 cxd5 22. Qe3 1-0

[Event "Canarias-ch 29th"]
[Site "Amurga de San Fdo Maspal"]
[Date "2011.05.27"]
[Round "2"]
[White "Garcia Rodriguez, Sara"]
[Black "Diaz Martin, Carolina"]
[Result "1-0"]
[WhiteElo "1975"]
[BlackElo "1450"]
[PlyCount "89"]
[EventDate "2011.05.27"]
[EventType "swiss"]
[EventRounds "7"]
[EventCountry "ESP"]
[SourceTitle "EXT 2013"]
[Source "ChessBase"]
[SourceDate "2012.11.22"]
[SourceVersion "1"]
[SourceVersionDate "2012.11.22"]
[SourceQuality "1"]

1. e4 e5 2. Nf3 Nc6 3. Bc4 Nf6 4. d3 Bc5 5. c3 d6 6. 0-0 0-0 7. Bb3 Be6 8. Bc2 d5 9. Nbd2 Bg4 10. h3 Be6 11. b4 Bb6 12. b5 Ne7 13. Nxe5 Ng6 14. Nxg6 fxg6 15. e5 Nd7 16. d4 c5 17. bxc6 bxc6 18. Nf3 Bf5 19. Bxf5 gxf5 20. Ba3 Re8 21. Qd3 g6 22. Rfe1 Nf8 23. h4 Ne6 24. Bc1 Qd7 25. h5 Bd8 26. hxg6 hxg6 27. Qe3 Qg7 28. c4 Be7 29. cxd5 cxd5 30. Qb3 Rad8 31. Qb7 a5 32. Bd2 a4 33. Ba5 Ra8 34. Qxd5 Qf7 35. Bd2 Nc7 36. Qxf7+ Kxf7 37. Rac1 Nd5 38. e6+ Kg7 39. Re5 Nf6 40. d5 Bd6 41. Re3 Ne4 42. Bc3+ Kg8 43. Be5 Bc5 44. Nd4 Rad8 45. Rh3 1-0

[Event "Las Palmas Montalvo Memorial 4th"]
[Site "Las Palmas"]
[Date "2011.04.19"]
[Round "2"]
[White "Alvarado Ascanio, Francisco"]
[Black "Garcia Rodriguez, Sara"]
[Result "1-0"]
[WhiteElo "2195"]
[BlackElo "1975"]
[PlyCount "65"]
[EventDate "2011.04.18"]
[EventType "swiss"]
[EventRounds "9"]
[EventCountry "ESP"]
[SourceTitle "CBM 141 Extra"]
[Source "ChessBase"]
[SourceDate "2011.05.03"]
[SourceVersion "1"]
[SourceVersionDate "2011.05.03"]
[SourceQuality "1"]

1. d4 Nf6 2. c4 g6 3. Nc3 Bg7 4. e4 d6 5. Be2 0-0 6. Nf3 e5 7. 0-0 Nc6 8. d5 Ne7 9. b4 Nd7 10. Re1 f5 11. Ng5 Nf6 12. Bf3 f4 13. c5 a6 14. Qb3 Kh8 15. Bb2 Bh6 16. Ne6 Bxe6 17. dxe6 Nc6 18. Nd5 Nxd5 19. exd5 Ne7 20. Rad1 Bg7 21. a4 Nf5 22. Be4 Qg5 23. Qh3 Qe7 24. a5 Rab8 25. Rc1 Qe8 26. Bxf5 Rxf5 27. cxd6 cxd6 28. Rc7 f3 29. Rec1 fxg2 30. Qh4 Rf4 31. Qxf4 exf4 32. Rxg7 h5 33. Rcc7 1-0

[Event "ESP-chT U16"]
[Site "Benidorm"]
[Date "2010.12.05"]
[Round "2"]
[White "Garcia Rodriguez, Sara"]
[Black "Shatko, Danil"]
[Result "1-0"]
[WhiteElo "1925"]
[BlackElo "2050"]
[PlyCount "99"]
[EventDate "2010.12.04"]
[EventType "team"]
[EventRounds "6"]
[EventCountry "ESP"]
[SourceTitle "EXT 2014"]
[Source "ChessBase"]
[SourceDate "2013.11.20"]
[SourceVersion "1"]
[SourceVersionDate "2013.11.20"]
[SourceQuality "1"]

1. e4 e6 2. d4 d5 3. Nd2 Nf6 4. e5 Nfd7 5. Bd3 c5 6. c3 Nc6 7. Ne2 cxd4 8. cxd4 f6 9. exf6 Nxf6 10. Nf3 Bd6 11. 0-0 Qc7 12. Re1 0-0 13. Nc3 a6 14. h3 e5 15. dxe5 Nxe5 16. Nd4 Nfg4 17. Be3 Qf7 18. hxg4 Bxg4 19. Be2 Qh5 20. f4 Bxe2 21. Ndxe2 Ng4 22. Qxd5+ Qxd5 23. Nxd5 Nxe3 24. Nxe3 Bc5 25. Nc3 Rxf4 26. Kh2 Bd6 27. Kh3 Rf6 28. Ng4 Rg6 29. Ne4 h5 30. Ne3 Bb4 31. Re2 Ba5 32. Rf1 Bc7 33. Nd5 Bd8 34. Rf5 Rc8 35. Ndc3 h4 36. Ref2 Bb6 37. R2f4 Re8 38. Rg4 Rxg4 39. Kxg4 Bd8 40. Ng5 b5 41. a3 Bf6 42. Nge4 Be5 43. Kxh4 a5 44. b4 axb4 45. axb4 g6 46. Rf3 Rd8 47. Kg5 Rd4 48. Kxg6 Rxb4 49. Nd5 Rxe4 50. Ne7+ 1-0

[Event "ESP-ch"]
[Site "El Sauzal"]
[Date "2010.09.10"]
[Round "7"]
[White "Villavicencio Martinez, Carlos Luis"]
[Black "Garcia Rodriguez, Sara"]
[Result "0-1"]
[WhiteElo "2123"]
[BlackElo "1869"]
[PlyCount "154"]
[EventDate "2010.09.04"]
[EventType "swiss"]
[EventRounds "9"]
[EventCountry "ESP"]
[SourceTitle "CBM 138 Extra"]
[Source "ChessBase"]
[SourceDate "2010.10.29"]
[SourceVersion "1"]
[SourceVersionDate "2010.10.29"]
[SourceQuality "1"]

1. Nf3 Nf6 2. c4 g6 3. b3 Bg7 4. Bb2 0-0 5. g3 d6 6. d4 Na6 7. Bg2 c5 8. 0-0 Rb8 9. Nc3 Bf5 10. Rc1 Qd7 11. Re1 Bh3 12. Bh1 Bh6 13. e3 Ng4 14. Nd5 Rfe8 15. Nf4 Nf6 16. Nxh3 Qxh3 17. Bg2 Qd7 18. a4 Bg7 19. e4 cxd4 20. Nxd4 Nc5 21. Nb5 a6 22. Nc3 Qc7 23. b4 Ncd7 24. Qb3 Ne5 25. Nd1 Nfd7 26. a5 b6 27. Qc3 bxa5 28. bxa5 Bf6 29. Qd2 Nc5 30. Bxe5 Bxe5 31. Rc2 Nb3 32. Qd3 Qxa5 33. Rf1 Nd4 34. Qd2 Qc5 35. Ra2 Qxc4 36. Ne3 Qb5 37. Nd5 Rbc8 38. h3 e6 39. Ne3 Nb3 40. Qd1 a5 41. Kh2 a4 42. f4 Bd4 43. Ng4 h5 44. Nf2 Rc1 45. Qd3 Qxd3 46. Nxd3 Rxf1 47. Bxf1 Ra8 48. Ra3 Nd2 49. Be2 Nxe4 50. Bd1 Nc3 51. Bc2 Ra7 52. Kg2 Kf8 53. Kf1 Ke7 54. g4 hxg4 55. hxg4 e5 56. fxe5 dxe5 57. Ke1 Kf6 58. Kd2 Kg5 59. Nc1 Kxg4 60. Ne2 Nxe2 61. Kxe2 f5 62. Rxa4 Rxa4 63. Bxa4 Kf4 64. Bc6 e4 65. Be8 g5 66. Bd7 g4 67. Kf1 g3 68. Kg2 Bf2 69. Bc8 Ke5 70. Kf1 f4 71. Bg4 Kf6 72. Bh5 Kg5 73. Bd1 Bc5 74. Kg2 Kh4 75. Kh1 Bd6 76. Bc2 f3 77. Bxe4 g2+ 0-1

[Event "ESP-chT (Women)"]
[Site "Cortegana"]
[Date "2010.08.19"]
[Round "4"]
[White "Pascual Palomo, Lucia"]
[Black "Garcia Rodriguez, Sara"]
[Result "1-0"]
[WhiteElo "2126"]
[BlackElo "1867"]
[PlyCount "73"]
[EventDate "2010.08.17"]
[EventType "team-tourn"]
[EventRounds "7"]
[EventCountry "ESP"]
[SourceTitle "CBM 138 Extra"]
[Source "ChessBase"]
[SourceDate "2010.10.29"]
[SourceVersion "1"]
[SourceVersionDate "2010.10.29"]
[SourceQuality "1"]

1. e4 c5 2. Nf3 d6 3. d4 cxd4 4. Nxd4 Nf6 5. Nc3 g6 6. f4 Bg7 7. e5 dxe5 8. fxe5 Ng8 9. Bb5+ Bd7 10. e6 Bxb5 11. exf7+ Kxf7 12. Qf3+ Nf6 13. Ndxb5 Nc6 14. 0-0 Rf8 15. Bf4 Rc8 16. Rad1 Qa5 17. a3 a6 18. b4 Nxb4 19. axb4 Qxb4 20. Nc7 Qc5+ 21. Kh1 e5 22. Bg5 Rxc7 23. Ne4 Qb6 24. Nxf6 Bxf6 25. Bxf6 Kg8 26. Qd5+ Rcf7 27. Bxe5 Qc6 28. Rxf7 Rxf7 29. Qxc6 bxc6 30. Rd8+ Rf8 31. Rxf8+ Kxf8 32. Bd6+ Kf7 33. Kg1 Ke6 34. Bb4 Kd5 35. Kf2 Kc4 36. Bd2 Kb5 37. Ke3 1-0

[Event "ESP-chT (Women)"]
[Site "Cortegana"]
[Date "2010.08.18"]
[Round "2"]
[White "Vieito Ribelles, Ariadna"]
[Black "Garcia Rodriguez, Sara"]
[Result "0-1"]
[WhiteElo "1679"]
[BlackElo "1867"]
[PlyCount "92"]
[EventDate "2010.08.17"]
[EventType "team-tourn"]
[EventRounds "7"]
[EventCountry "ESP"]
[SourceTitle "CBM 138 Extra"]
[Source "ChessBase"]
[SourceDate "2010.10.29"]
[SourceVersion "1"]
[SourceVersionDate "2010.10.29"]
[SourceQuality "1"]

1. c4 e5 2. g3 Nf6 3. Bg2 d5 4. d3 Bc5 5. cxd5 Nxd5 6. Nf3 Nc6 7. a3 a5 8. Qc2 Be7 9. Bd2 0-0 10. Nc3 Nb6 11. 0-0 Be6 12. Ne4 Bd5 13. Nc5 Bxf3 14. Bxf3 Nd4 15. Qc3 Bxc5 16. Qxc5 Nb3 17. Qc3 Nxa1 18. Rxa1 Qd6 19. Bxb7 Rab8 20. Bf3 Nd7 21. Rc1 c5 22. Qxa5 Rxb2 23. Be3 Rc8 24. Qc3 Rbb8 25. Bg4 f6 26. Qc4+ Kh8 27. Qf7 Rc7 28. Bxd7 Rxd7 29. Qc4 Rc8 30. Bxc5 Qd5 31. Qxd5 Rxd5 32. Be3 Rxc1+ 33. Bxc1 Rc5 34. Bd2 Rc2 35. Bb4 Rxe2 36. Kf1 Rb2 37. h4 Kg8 38. Kg2 Rb3 39. Kf3 Rxd3+ 40. Ke4 Rd4+ 41. Ke3 Kf7 42. f4 Ke6 43. fxe5 fxe5 44. Ke2 Kf5 45. Kf3 Rd3+ 46. Ke2 Rxg3 0-1

[Event "ESP-ch U14"]
[Site "Linares"]
[Date "2010.07.17"]
[Round "8"]
[White "Garcia Rodriguez, Sara"]
[Black "Fernandez Gil, Ruben Carlos"]
[Result "0-1"]
[WhiteElo "1867"]
[BlackElo "1721"]
[PlyCount "102"]
[EventDate "2010.07.13"]
[EventType "swiss"]
[EventRounds "9"]
[EventCountry "ESP"]
[SourceTitle "CBM 137 Extra"]
[Source "ChessBase"]
[SourceDate "2010.09.01"]
[SourceVersion "1"]
[SourceVersionDate "2010.09.01"]
[SourceQuality "1"]

1. d4 Nf6 2. c4 c5 3. d5 e6 4. Nc3 exd5 5. cxd5 d6 6. e4 g6 7. Bd3 Bg7 8. h3 0-0 9. Nf3 a6 10. a4 Nbd7 11. 0-0 Re8 12. Re1 Qe7 13. Bf4 Nh5 14. Bh2 Ne5 15. Be2 Nxf3+ 16. Bxf3 Be5 17. Bxh5 Bxh2+ 18. Kxh2 Qe5+ 19. Kg1 gxh5 20. Re3 h4 21. Rf3 Bd7 22. a5 Qg5 23. Qc1 Qxc1+ 24. Rxc1 Re5 25. Rf4 Rh5 26. Kh2 Rh6 27. Ne2 b5 28. Rc3 f6 29. Ng1 b4 30. Rc2 Rb8 31. Nf3 Rb5 32. Nxh4 Rxa5 33. Nf5 Bxf5 34. exf5 Ra1 35. Rd2 Re1 36. Rf3 Rh5 37. g4 Rg5 38. Rf4 Rg7 39. Kg2 Rge7 40. Kf3 a5 41. h4 h6 42. b3 Kf8 43. Rc4 Rb1 44. Rd3 Rb2 45. Kg3 Ree2 46. f3 Rbd2 47. Rxd2 Rxd2 48. Kf4 Rxd5 49. Re4 Rd3 50. Re6 Kf7 51. g5 Rd4+ 0-1

[Event "Canarias-ch U20 Girls"]
[Site "Vecindario"]
[Date "2010.06.13"]
[Round "7"]
[White "Garcia Rodriguez, Sara"]
[Black "Damaso Tacoronte, Carolina"]
[Result "1-0"]
[WhiteElo "1838"]
[BlackElo "1886"]
[PlyCount "151"]
[EventDate "2010.06.10"]
[EventType "tourn"]
[EventRounds "7"]
[EventCountry "ESP"]
[SourceTitle "EXT 2012"]
[Source "ChessBase"]
[SourceDate "2011.11.24"]
[SourceVersion "1"]
[SourceVersionDate "2011.11.24"]
[SourceQuality "1"]

1. d4 Nf6 2. c4 g6 3. Nc3 Bg7 4. e4 d6 5. Nf3 0-0 6. Be2 e5 7. 0-0 exd4 8. Nxd4 Re8 9. f3 Nh5 10. Be3 f5 11. Qd2 f4 12. Bf2 Qg5 13. Rfd1 Bh3 14. Bf1 Nc6 15. Ndb5 Re5 16. Nxc7 Rf8 17. Qe1 Bc8 18. Bh4 Qh6 19. Rxd6 Nf6 20. Bxf6 Bxf6 21. Rd5 Nb4 22. Rxe5 Bxe5 23. N7b5 Nc2 24. Qd1 Ne3 25. Qd2 Qg5 26. Nxa7 Rd8 27. Nd5 Bh3 28. Kh1 Bd7 29. a4 Bc6 30. Nb5 h5 31. Qe2 Bxd5 32. exd5 Qf6 33. Rb1 g5 34. Nc3 g4 35. Ne4 Qg6 36. Nd2 Kh8 37. Qd3 Qg7 38. b3 h4 39. Qe2 Rg8 40. Ne4 h3 41. gxh3 gxf3 42. Qf2 Bd4 43. Qh4+ Qh7 44. Qxh7+ Kxh7 45. Bd3 Kh8 46. Nd2 f2 47. Ne4 Ng2 48. Rf1 Ne1 49. Nxf2 Bxf2 50. Rxf2 Nxd3 51. Rf3 Nc1 52. Rxf4 Rg7 53. Rf3 Ne2 54. Rf1 Nc3 55. Rg1 Rf7 56. Rg6 Kh7 57. Rg4 Nd1 58. Rh4+ Kg8 59. Rg4+ Kf8 60. Rg1 Ne3 61. Rg3 Rf1+ 62. Rg1 Rf6 63. Rg3 Nf1 64. Rd3 Kg7 65. Kg2 Kf7 66. Rf3 Rxf3 67. Kxf3 Nd2+ 68. Ke2 Nxb3 69. h4 Nd4+ 70. Kd3 Nf3 71. h5 Nxh2 72. Kd4 b6 73. c5 bxc5+ 74. Kxc5 Ng4 75. a5 Ne5 76. a6 1-0

[Event "Santa Cruz Cup-chT"]
[Site "Santa Cruz"]
[Date "2010.05.28"]
[Round "3"]
[White "Molina Rodriguez, Borja"]
[Black "Garcia Rodriguez, Sara"]
[Result "1-0"]
[WhiteElo "2036"]
[BlackElo "1838"]
[PlyCount "63"]
[EventDate "2010.05.26"]
[EventType "team"]
[EventRounds "7"]
[EventCountry "ESP"]
[SourceTitle "CBM 136 Extra"]
[Source "ChessBase"]
[SourceDate "2010.07.02"]
[SourceVersion "2"]
[SourceVersionDate "2010.07.15"]
[SourceQuality "1"]
[WhiteTeam "Cajacanarias"]
[BlackTeam "Jovenes Caja Canarias"]
[WhiteTeamCountry "ESP"]
[BlackTeamCountry "ESP"]

1. e4 c5 2. Nf3 Nc6 3. d4 cxd4 4. Nxd4 Nf6 5. Nc3 g6 6. Be3 Bg7 7. Bc4 d6 8. h3 0-0 9. Bb3 Bd7 10. 0-0 Rc8 11. f4 a6 12. Qf3 Qc7 13. Rad1 Na5 14. f5 Nc4 15. Bc1 Ne5 16. Qe2 b5 17. Bg5 Qa7 18. Be3 Qc7 19. a3 Nc4 20. Bc1 Qc5 21. Qf2 Nxa3 22. Bg5 Nc4 23. Bxf6 Bxf6 24. Nd5 Nxb2 25. Rd2 Nc4 26. Rd3 Bc6 27. fxg6 hxg6 28. Nxc6 Qxf2+ 29. Rxf2 Rxc6 30. Rxf6 exf6 31. Ne7+ Kg7 32. Nxc6 1-0